MLB Top 25 Players With the Most Home Runs in 2024 - Statistics

General Stats
  • This quiz has been taken 44 times
  • The average score is 20 of 27
Answer Stats
Team Answer % Correct
Yankees (58) Aaron Judge
98%
Dodgers (54) Shohei Ohtani
95%
Phillies (30) Bryce Harper
93%
Yankees (41) Juan Soto
93%
Orioles (37) Gunnar Henderson
90%
Guardians (39) José Ramírez
88%
D-backs (36) Ketel Marte
88%
Mets (34) Pete Alonso
88%
Phillies (38) Kyle Schwarber
85%
Padres (29) Manny Machado
85%
Royals (32) Bobby Witt Jr.
80%
Mets (33) Francisco Lindor
80%
Braves (29) Matt Olson
80%
Blue Jays (30) Vladimir Guerrero Jr.
80%
Athletics (39) Brent Rooker
78%
Braves (39) Marcell Ozuna
78%
Rangers (30) Corey Seager
76%
Astros (35) Yordan Alvarez
76%
Orioles (44) Anthony Santander
73%
Dodgers (33) Teoscar Hernández
71%
Mariners (34) Cal Raleigh
66%
D-backs (30) Eugenio Suárez
54%
Guardians (31) Josh Naylor
51%
Marlins (29) Jake Burger
39%
Red Sox (31) Tyler O’Neil
32%
Brewers (32) Willy Adames
32%
Athletics (29) Shea Langeliers
24%
No matching quizzes found
Score Distribution
Percent of People with Each Score
Percentile by Number Answered
Your Score History
You have not taken this quiz